Concursos (Registro nro. 1536)
[ vista simple ]
| 000 -LEADER | |
|---|---|
| fixed length control field | 00887 a2200217 4500 |
| 001 - CONTROL NUMBER | |
| control field | 27051 |
| 005 - DATE AND TIME OF LATEST TRANSACTION | |
| control field | 20260407155547.0 |
| 008 - FIXED-LENGTH DATA ELEMENTS--GENERAL INFORMATION | |
| fixed length control field | 260407a1988 arg spa d |
| 003 - CONTROL NUMBER IDENTIFIER | |
| control field | AR-UNSa-BCEJYS |
| 040 ## - CATALOGING SOURCE | |
| Original cataloging agency | AR-UNSa-BCEJYS |
| Language of cataloging | spa |
| Transcribing agency | AR-UNSa-BCEJYS |
| 080 ## - UNIVERSAL DECIMAL CLASSIFICATION NUMBER | |
| Universal Decimal Classification number | 347.736 |
| Common auxiliary subdivision | Quiebra. Insolvencia. Suspensión de pagos. Bancarrota, procedimientos. Derecho Concursal |
| 020 ## - INTERNATIONAL STANDARD BOOK NUMBER | |
| International Standard Book Number | 950-14-0459-5 |
| 100 1# - MAIN ENTRY--PERSONAL NAME | |
| Personal name | Fusaro, Bertelio |
| 245 10 - TITLE STATEMENT | |
| Title | Concursos |
| Name of part/section of a work | teoría y práctica de la ley 19.551 |
| 250 ## - EDITION STATEMENT | |
| Edition statement | 3a. ed |
| 264 #1 - PRODUCTION, PUBLICATION, DISTRIBUTION, MANUFACTURE, AND COPYRIGHT NOTICE | |
| Place of production, publication, distribution, manufacture | Buenos Aires : |
| Name of producer, publisher, distributor, manufacturer | Depalma |
| Date of production, publication, distribution, manufacture, or copyright notice | 1988 |
| 300 ## - PHYSICAL DESCRIPTION | |
| Extent | 506 p. |
| Dimensions | 23 cm. |
| 505 ## - FORMATTED CONTENTS NOTE | |
| Formatted contents note | Parte I: De los concursos: 1. Principios generales - 2. Concurso preventivo - 3. Quiebra - 4. Concurso de la liquidación administrativa - 5. Disposiciones comunes - Parte II: Disposiciones complementarias y transitorias - Anexo. |
| 590 ## - LOCAL NOTE (RLIN) | |
| Local note | niveau_biblio:m niveau_hierar:0 |
| 942 ## - ADDED ENTRY ELEMENTS (KOHA) | |
| Koha item type | |
| Withdrawn status | Lost status | Damaged status | Not for loan | Home library | Current library | Shelving location | Date acquired | Total checkouts | Full call number | Barcode | Date last seen | Price effective from | Koha item type |
|---|---|---|---|---|---|---|---|---|---|---|---|---|---|
| Biblioteca Prof. Eusebio Cleto del Rey | Biblioteca Prof. Eusebio Cleto del Rey | 07/04/2026 | 347.736 F993 3ed. | L53142 | 07/04/2026 | 07/04/2026 | Libro | ||||||
| Biblioteca Prof. Eusebio Cleto del Rey | Biblioteca Prof. Eusebio Cleto del Rey | 07/04/2026 | 347.736 F993 3ed. | L53141 | 07/04/2026 | 07/04/2026 | Libro |